Mother by Pink Floyd Lyrics - Statistics

General Stats
  • This quiz has been taken 98 times
  • The average score is 27 of 32
Answer Stats
Lyrics % Correct
Mother do you think they'll drop the {bomb}
100%
Hush now baby don't you {cry}
99%
Mother should I run for {president}
98%
{Mother} will they put me in the firing line
98%
Mother do you think they'll like the {song}
97%
Mother do you think they'll try to break my {balls}
97%
Mother should I trust the {government}
97%
Nightmares come {true}
97%
Ooooh aah, Mother should I build a {wall}
97%
Oooh aah, mother will she break my {heart}
94%
Mother do think she's {good} enough for me
93%
{Under} her wing
93%
{Hush} now baby, baby don't you cry
91%
Of course Mama's gonna help {build} the wall
91%
Ooooh aah, is it just a {waste} of time
91%
{Mama}'s gonna make all of your
90%
Mama will keep baby cosy and {warm}
88%
She won't let you fly but she might let you {sing}
87%
{You}'ve been
84%
You'll always be a baby to {me}
83%
Mama's gonna put all of her {fears} into you
81%
Mama's gonna check out all your {girl friends} for you
80%
Mother will she tear your little {boy} apart
80%
Mama will {always} find out where
78%
Mama's gonna {keep} you right here
76%
Mother, did it need to be so {high}
72%
Mother do think she's {dangerous} to me
69%
Mama won't let anyone {dirty} get through
67%
Mamma's gonna keep baby {healthy} and clean
62%
Mama's gonna {wait} up till you come in
60%
Ooooh {Babe} Ooooh {Babe} Ooooh {Babe}
59%
Ooooh {Babe} Ooooh {Babe} Ooooh {Babe}
59%
No matching quizzes found
Score Distribution
Percent of People with Each Score
Percentile by Number Answered
Your Score History
You have not taken this quiz